00468nam a2200181Ia 450000500170000000800410001702000220005804100080008008200160008810000140010424500620011825000120018026000330019230000090022550000190023465000190025370000140027220230306145436.0230125s9999 xx 000 0 und d a978-0-143-43989-9 aeng a346.07bDAV aDavis D R aThe Dharma of Business - Commercial Law in Medieval India a1st Ed. c2017bPenguin booksaHaryana a184p aCommercial law aCommercial law aDavis D R